Elementos de derecho constitucional chileno

Saved in:
Bibliografiske detaljer
Hovedforfatter: Estévez Gazmuri, Carlos (Author)
Format: Bog
Sprog:spansk
Udgivet: Santiago Jurídica de Chile 1949
Fag:
Tags: Tilføj Tag
Ingen Tags, Vær først til at tagge denne postø!

MARC

LEADER 00000nam a2200000 a 4500
001 UCT9797
003 CL-VaPUC
008 970411e19490000CL |||||||||||||||||spa|d
082 0 4 |a 342.83  |b EST  |2 21 
100 0 |a Estévez Gazmuri, Carlos  |e author  |9 382830 
245 1 0 |a Elementos de derecho constitucional chileno 
300 |a 495 p 
942 |c BK 
945 |d 19970411 00:00:00  |a paguirre 
260 |a Santiago  |b Jurídica de Chile  |c 1949 
650 0 |a Derecho constitucional   |9 222588 
650 0 |a Constituciones  |9 255417 
650 7 |a LEY  |2 CL-VaPUC  |9 382831 
650 0 |a Tribunales  |9 254872 
650 0 |a Jurisprudencia  |9 255952 
650 0 |a Historia constitucional  |9 256052 
650 0 |a Estado  |9 255503 
650 0 |a Soberanía  |9 266726 
650 0 |a Nacionalidad  |9 357571 
650 0 |a Ciudadanía  |9 258339 
650 7 |a GARANTIAS CONSTITUCIONALES  |2 CL-VaPUC  |9 382832 
650 0 |a Elecciones  |9 254997 
650 0 |a Derechos civiles y políticos   |9 338684 
650 0 |a Igualdad ante la ley  |9 382454 
650 0 |a Parlamento  |9 338611 
650 0 |a Poder legislativo  |9 258808 
650 7 |a CAMARA ALTA  |2 CL-VaPUC  |9 338612 
650 7 |a CAMARA BAJA  |2 CL-VaPUC  |9 382833 
650 0 |a Poder ejecutivo  |9 255177 
650 7 |a PRESIDENCIA  |2 CL-VaPUC  |9 341215 
650 0 |a Poder judicial  |9 254871 
651 7 |a CHILE  |2 CL-VaPUC  |9 382834 
583 |a last modification  |c 19970411 00:00:00  |k Rodrigo Vera 
999 |c 258176  |d 258174 
952 |0 0  |1 0  |4 0  |6 342_830000000000000_EST_1949  |7 0  |8 A  |9 282069  |a BIBDER  |b BIBDER  |d 2019-11-19  |i 1830619  |o 342.83 EST 1949  |p 1830619  |r 2023-01-25  |w 2019-11-19  |y BK  |k DER 
952 |0 0  |1 0  |4 0  |6 342_830000000000000_EST_1949  |7 0  |8 A  |9 282071  |a BIBDER  |b BIBDER  |d 2019-11-19  |i 1954954  |o 342.83 EST 1949  |p 1954954  |r 2023-01-25  |w 2019-11-19  |y BK  |k DER